00486nam a2200157Ia 450000500170000000800410001708200130005810000180007124500400008926000520012930000130018165000180019494200060021295200950021899900150031320241009023443.0240331s9999 xx 000 0 und d bSELa820 aSelvadurai, S 0aFunny boy :ba novel in six stories aNew DelhibPenguin Books India ( Pvt) Ltdc1994 a316 p ., aShort Stories cL 001040708LaWERCLbWERCLcSSCd2024-03-31l0o 820 SELp5097r2024-03-31w2024-03-31yL c3168d3168